000 01675cam a22004334i 4500
003 PE-LiUPU
005 20250731173130.0
008 150623s r 000 0 d
035 _a(Sirsi) a26284
040 _aPE-LiUPU
_bspa
_cPE-LiUPU
_erda
082 0 4 _a266.673
_bB29
_221
100 1 _aBeach, John G.,
_eautor.
245 1 0 _aNotable women of spirit :
_bthe historical role of women in the seventh-day adventist church /
_cJohn G. Beach.
264 1 _aNashville, Tennessee :
_bSouthern Publishing Association,
_c1976.
300 _a125 páginas ;
_c20 cm.
336 _atext
_2rdacontent
337 _aunmediated
_2rdamedia
338 _avolume
_2rdacarrier
504 _aIncluye bibliografía.
505 0 _aBehind every man.. A place for every woman. Literary ladies. The vigilantes. Our little friends. The deaf, the dumb, the blind. Perfection, persistence, punctuality. Saloons, society, and sera. Footprints in the sand.
526 _aSEG42
526 _aSEG41
526 _aSEG40
526 _aSEG39
526 _aP94
526 _aP87
526 _aP86
526 _aP85
526 _aP77
526 _aP76
526 _aP35
610 2 _aIASD
_xHistoria.
650 0 4 _aMujeres en el ministerio (IASD).
_9893
942 _2ddc
_cBOOK
949 _a266.673 B29
_wDEWEY
_c1
_i51570
_lCCODEBUL1
_mBUL
_p10.00
_r0
_sY
_tBOOK
_u2015-06-24
_xTEOLOGIA
_PP35
_0COMPRA
_o.STAFF. Colección General
596 _a1
999 _a266.673 B29
_wDEWEY
_c33298
_i51570
_f2021-11-10
_g5
_lCCODEBUL1
_mBUL
_p10.00
_r0
_sY
_tBOOK
_u2015-6-24
_xTEOLOGIA
_PP35
_0COMPRA
_o.STAFF. Colección General
_d33298
980 _81
_gALBERTO SANCHEZ Responsable de Automatización